<?xml version="1.0" encoding="UTF-8"?>
<record
    xmlns:xsi="http://www.w3.org/2001/XMLSchema-instance"
    xsi:schemaLocation="http://www.loc.gov/MARC21/slim http://www.loc.gov/standards/marcxml/schema/MARC21slim.xsd"
    xmlns="http://www.loc.gov/MARC21/slim">

  <leader>00783nam a22002417b 4500</leader>
  <controlfield tag="003">3228</controlfield>
  <controlfield tag="005">20250819195358.0</controlfield>
  <controlfield tag="008">250819b        sa ||||| |||| 00| 0 eng d</controlfield>
  <datafield tag="020" ind1=" " ind2=" ">
    <subfield code="a">9781529045031 (paperback)</subfield>
  </datafield>
  <datafield tag="040" ind1=" " ind2=" ">
    <subfield code="a">MPL</subfield>
    <subfield code="c">3228</subfield>
    <subfield code="e">rda</subfield>
  </datafield>
  <datafield tag="041" ind1=" " ind2=" ">
    <subfield code="a">english</subfield>
  </datafield>
  <datafield tag="082" ind1=" " ind2="0">
    <subfield code="a">EJF WELD</subfield>
  </datafield>
  <datafield tag="100" ind1=" " ind2=" ">
    <subfield code="9">196295</subfield>
    <subfield code="a">Weldon, Cat </subfield>
  </datafield>
  <datafield tag="245" ind1=" " ind2=" ">
    <subfield code="a">How to be a hero /</subfield>
    <subfield code="c">Cat Weldon ; illustrated by Katie Kear.</subfield>
  </datafield>
  <datafield tag="260" ind1=" " ind2=" ">
    <subfield code="a">London :</subfield>
    <subfield code="b"> Macmillan Children's Books, </subfield>
    <subfield code="c">2023.</subfield>
  </datafield>
  <datafield tag="300" ind1=" " ind2=" ">
    <subfield code="a">222, 11 pages : </subfield>
    <subfield code="b">illustrations, map ; </subfield>
    <subfield code="c">20 cm</subfield>
  </datafield>
  <datafield tag="490" ind1=" " ind2=" ">
    <subfield code="a">How to be a hero trilogy ;</subfield>
    <subfield code="v"> 1</subfield>
  </datafield>
  <datafield tag="650" ind1=" " ind2="0">
    <subfield code="9">196310</subfield>
    <subfield code="a">Valkyries (Norse mythology)</subfield>
    <subfield code="x">fiction</subfield>
  </datafield>
  <datafield tag="650" ind1=" " ind2="0">
    <subfield code="9">196311</subfield>
    <subfield code="a">Vikings</subfield>
    <subfield code="x">fiction</subfield>
  </datafield>
  <datafield tag="650" ind1=" " ind2="0">
    <subfield code="9">196312</subfield>
    <subfield code="a">Mythology, Norse</subfield>
  </datafield>
  <datafield tag="700" ind1=" " ind2=" ">
    <subfield code="9">196313</subfield>
    <subfield code="a">Kear, Katie </subfield>
    <subfield code="e">illustrator</subfield>
  </datafield>
  <datafield tag="942" ind1=" " ind2=" ">
    <subfield code="2">ddc</subfield>
    <subfield code="c">BOOK</subfield>
    <subfield code="w">175</subfield>
    <subfield code="x">Naomi Ntsimane</subfield>
    <subfield code="y">175</subfield>
    <subfield code="z">Naomi Ntsimane</subfield>
  </datafield>
  <datafield tag="999" ind1=" " ind2=" ">
    <subfield code="c">783098</subfield>
    <subfield code="d">783097</subfield>
  </datafield>
  <datafield tag="952" ind1=" " ind2=" ">
    <subfield code="0">0</subfield>
    <subfield code="1">0</subfield>
    <subfield code="2">ddc</subfield>
    <subfield code="4">0</subfield>
    <subfield code="7">0</subfield>
    <subfield code="8">F</subfield>
    <subfield code="a">STANRL</subfield>
    <subfield code="b">TRICL</subfield>
    <subfield code="c">CHILD</subfield>
    <subfield code="d">2025-08-19</subfield>
    <subfield code="g">174.95</subfield>
    <subfield code="l">1</subfield>
    <subfield code="m">1</subfield>
    <subfield code="o">EJF WELD</subfield>
    <subfield code="p">3322803189946</subfield>
    <subfield code="r">2026-02-25</subfield>
    <subfield code="s">2026-02-25</subfield>
    <subfield code="w">2025-08-19</subfield>
    <subfield code="y">BOOK</subfield>
  </datafield>
  <datafield tag="952" ind1=" " ind2=" ">
    <subfield code="0">0</subfield>
    <subfield code="1">0</subfield>
    <subfield code="2">ddc</subfield>
    <subfield code="4">0</subfield>
    <subfield code="7">0</subfield>
    <subfield code="8">F</subfield>
    <subfield code="a">STANRL</subfield>
    <subfield code="b">SECL</subfield>
    <subfield code="c">CHILD</subfield>
    <subfield code="d">2025-08-19</subfield>
    <subfield code="g">174.95</subfield>
    <subfield code="l">0</subfield>
    <subfield code="o">EJF WELD</subfield>
    <subfield code="p">3322803189942</subfield>
    <subfield code="r">2025-08-19</subfield>
    <subfield code="w">2025-08-19</subfield>
    <subfield code="y">BOOK</subfield>
  </datafield>
</record>
